000
00344 a2200121 4500
001
ART_6744
005
20260410161826.0
008
260409a
245
1
0
_a
El consumo de hortalizas orgánicas
100
1
_a
Rodriguez, Elsa
700
1
_a
Lupín, Beatriz
773
0
_t
FACES
_g
- Año 15, Nº 32/33 (ene./dic. 2009)
_w
REV5046
999
_c
22829
_d
22829